| 000 | 00491nam a22002177a 4500 | ||
|---|---|---|---|
| 003 | UA-OsUOA | ||
| 001 | 54341 | ||
| 007 | ta | ||
| 008 | 20170831b un ||||| |||| 00| 0 ukr d | ||
| 090 |
_a24 _bЕ99 |
||
| 942 | _cBK | ||
| 040 |
_aUA-OsUOA _bukr _cUA-OsUOA _dUA-OsUOA |
||
| 245 | _aЄвангельські Пісні | ||
| 300 | _a521 с. | ||
| 955 | _a4 | ||
| 041 | _aukr | ||
| 080 | _a24 | ||
| 260 |
_aК. _c1997 |
||
| 650 | 7 |
_a2 Релігія. Теологія. _2UDC |
|
| 999 |
_c434460 _d434460 |
||